LIBRARY & INFORMATION CENTRE, KCAET, TAVANUR

ONLINE PUBLIC ACCESS CATALOGUE (OPAC)

Guruvum Shishyanum (Record no. 16010)

MARC details
000 -LEADER
fixed length control field 00214nam a22000977a 4500
003 - CONTROL NUMBER IDENTIFIER
control field OSt
008 - FIXED-LENGTH DATA ELEMENTS--GENERAL INFORMATION
fixed length control field 191026b ||||| |||| 00| 0 eng d
100 ## - MAIN ENTRY--AUTHOR NAME
Personal name Kesavan,Nair.
245 ## - TITLE STATEMENT
Title Guruvum Shishyanum
942 ## - ADDED ENTRY ELEMENTS (KOHA)
Koha item type Books
Holdings
Withdrawn status Lost status Damaged status Home library Current library Date acquired Cost, normal purchase price Accession Number Koha item type
Withdrawn     KAUAET KAUAET 26/10/2019 1.50 1074 Books
free website counter